Trials of death / (Record no. 32666)

MARC details
000 -LEADER
fixed length control field 02289nam a2200337 a 4500
005 - DATE AND TIME OF LATEST TRANSACTION
control field 2009121206036.0
008 - FIXED-LENGTH DATA ELEMENTS--GENERAL INFORMATION
fixed length control field 060711r20081994mnua j 000 1 eng
010 ## - LCCN (DPL NO)
LC control number B-385141-149
020 ## - INTERNATIONAL STANDARD BOOK NUMBER
International Standard Book Number 9780007255801
Terms of availability 150.00
035 ## - SYSTEM CONTROL NUMBER
System control number B-385141-149
037 ## - SOURCE OF ACQUISITION
Source of stock number/acquisition Blueberry Books
040 ## - CATALOGING SOURCE
Original cataloging agency dpl
Language of cataloging English
082 ## - DEWEY DECIMAL CLASSIFICATION NUMBER
Classification number N
100 ## - MAIN ENTRY--PERSONAL NAME
Personal name Shan, Darren
245 ## - TITLE STATEMENT
Title Trials of death /
Statement of responsibility, etc by Darren Shan
Remainder of title
260 ## - PUBLICATION, DISTRIBUTION, ETC. (IMPRINT)
Name of publisher, distributor, etc HarperCollins Publishers
Date of publication, distribution, etc 2007
Place of publication, distribution, etc New York
270 ## - ADDRESS
Address 10 East 53rd Street
City New York
Postal code 1022
300 ## - PHYSICAL DESCRIPTION
Extent 167p.
Dimensions 20cm(pbk)
490 ## - SERIES STATEMENT
Series statement the saga of Darren Shan; book 5
942 ## - ADDED ENTRY ELEMENTS (KOHA)
Source of classification or shelving scheme Dewey Decimal Classification
Item type Children Books
Call number suffix SHA
Classification part N
Holdings
Withdrawn status Lost status Source of classification or shelving scheme Damaged status Not for loan Collection code Home library Current library Date acquired Source of acquisition Cost, normal purchase price Total Checkouts Full call number Barcode Date last seen Copy number Cost, replacement price Koha item type Total Renewals Checked out
    Dewey Decimal Classification     Fiction Bawana Bawana 14/06/2010 Blueberry Books/5571/27.3.10/157/27.1.10/27.3.10 150.00 1 N SHA B-385148 29/04/2024 1 150.00 Children Books 1  
    Dewey Decimal Classification     Fiction Central Library Central Library 14/06/2010 Blueberry Books/5571/27.3.10/157/27.1.10/27.3.10 150.00 3 N SHA B-385141 28/06/2021 1 150.00 Children Books    
    Dewey Decimal Classification     Fiction Janak Puri Janak Puri 14/06/2010 Blueberry Books/5571/27.3.10/157/27.1.10/27.3.10 150.00 10 N SHA B-385143 24/05/2012 1 150.00 Children Books    
    Dewey Decimal Classification     Fiction Narela Narela 14/06/2010 Blueberry Books/5571/27.3.10/157/27.1.10/27.3.10 150.00   N SHA B-385147 14/06/2010 1 150.00 Children Books    
  Written-off vide DLB M. No. 383 dt 16.05.19 Dewey Decimal Classification     Fiction Patel Nagar Patel Nagar 14/06/2010 Blueberry Books/5571/27.3.10/157/27.1.10/27.3.10 150.00   N SHA B-385142 14/06/2010 1 150.00 Children Books    
    Dewey Decimal Classification     Fiction R.K.Puram-8 R.K.Puram-8 14/06/2010 Blueberry Books/5571/27.3.10/157/27.1.10/27.3.10 150.00 3 N SHA B-385145 28/05/2020 1 150.00 Children Books 3  
    Dewey Decimal Classification     Fiction Sarojini Nagar Sarojini Nagar 14/06/2010 Blueberry Books/5571/27.3.10/157/27.1.10/27.3.10 150.00 3 N SHA B-385144 10/11/2023 1 150.00 Children Books 2  
    Dewey Decimal Classification     Fiction Shahdara Branch Shahdara Branch 14/06/2010 Blueberry Books/5571/27.3.10/157/27.1.10/27.3.10 150.00 8 N SHA B-385149 01/06/2024 1 150.00 Children Books    
    Dewey Decimal Classification     Fiction Vinoba Puri Vinoba Puri 14/06/2010 Blueberry Books/5571/27.3.10/157/27.1.10/27.3.10 150.00 7 N SHA B-385146 16/01/2014 1 150.00 Children Books   30/01/2014

© Delhi Public Library
Hit Counter
free hit counter